000 00580cam a22002053a 4500
001 44751
003 PGUSA
005 20140828084025.0
008 140125s2014||||xxu|||||s|||||000 | eng d
040 _aPGUSA
_beng
042 _adc
100 1 _aBirmingham, George A.,
_d1865-1950
245 1 4 _aThe Search Party
_h[electronic resource] /
_cGeorge A. Birmingham
260 _bProject Gutenberg,
_c2014
506 _aPublic domain in the USA.
516 _aElectronic text
830 0 _aProject Gutenberg
_v44751
856 4 0 _uhttp://www.gutenberg.org/ebooks/44751
942 _cEB
999 _c274002
_d274002